Vplyv homocysteínu na napäťovo závislé vápnikové kanály

Salvato in:
Dettagli Bibliografici
Autore principale: Mydlárová, Alžbeta (Autore)
Altri autori: Dubiel, Lucia (Relatore della tesi)
Natura: Manoscritto Libro
Lingua:slovacco
Pubblicazione: 2023
Soggetti:
Accesso online:http://is.stuba.sk/zp/portal_zp.pl?podrobnosti=172629
Tags: Aggiungi Tag
Nessun Tag, puoi essere il primo ad aggiungerne!!

MARC

LEADER 00000ntm a22000003a 4500
001 stuzp93420
003 SK-STU
005 20230909215007.6
007 ta
008 150427s2015----xo-----f-mn---000-0-slo-d
040 |a STU  |b slo 
041 0 |a slo 
100 1 |a Mydlárová, Alžbeta  |u 043000  |4 aut  |U FCHPT Fakulta chemickej a potravinárskej technológie  |T FCHPT Ústav biochémie a mikrobiológie  |X 117680  |U C3000  |Y 101  |7 117680 
242 0 1 |a Effect of homocysteine on voltage-dependent calcium channels  |y eng 
245 1 0 |a Vplyv homocysteínu na napäťovo závislé vápnikové kanály 
260 |c 2023 
650 4 |a elektrofyziológia  |2 slo 
650 4 |a homocysteín  |2 slo 
650 4 |a napäťovo závislé vápnikové kanály  |2 slo 
650 4 |a patch clamp  |2 slo 
650 4 |a electrophysiology  |2 eng 
650 4 |a homocysteine  |2 eng 
650 4 |a voltage-dependent calcium channels  |2 eng 
650 4 |a patch clamp  |2 eng 
700 1 |a Dubiel, Lucia  |u 043260  |k Z3  |4 ths  |U FCHPT Ústav biochémie a mikrobiológie  |T FCHPT Oddelenie biochémie a mikrobiológie  |X 44128  |U C3260  |Y 113  |7 44128 
856 4 |u http://is.stuba.sk/zp/portal_zp.pl?podrobnosti=172629